[Event "Deutscher Mix-Teampokal U12 2025"]
[Site "Bad Homburg GER"]
[Date "2025.07.20"]
[Round "5"]
[White "Manukyan, Svetlana"]
[Black "He, Siqi"]
[Result "0-1"]
[Termination "normal"]
[Board "5.3"]
[WhiteElo "757"]
[BlackElo "1045"]
[WhiteClock "00:03:56"]
[BlackClock "00:35:39"]
[WhiteTeam "SC Pirmasens 1912"]
[BlackTeam "SchVgg Blankenese 1923"]
[PlyCount "94"]
[WhiteFideId "533050759"]
[BlackFideId "34682708"]
[EventCountry "GER"]
[EventRounds "5"]
[EventType "team-swiss"]
[EventDate "2025.07.18"]

1. e4 {[%clk 00:55:08]} {[%emt 00:00:01]} Nc6 {[%clk 00:55:04]} {[%emt
00:00:05]} 2. Nc3 {[%clk 00:54:58]} {[%emt 00:00:15]} e5 {[%clk 00:55:01]}
{[%emt 00:00:08]} 3. Nf3 {[%clk 00:54:53]} {[%emt 00:00:11]} Nf6 {[%clk
00:54:59]} {[%emt 00:00:07]} 4. d4 {[%clk 00:54:31]} {[%emt 00:00:27]} exd4
{[%clk 00:54:35]} {[%emt 00:00:29]} 5. Nxd4 {[%clk 00:53:54]} {[%emt 00:00:41]}
Bb4 {[%clk 00:54:07]} {[%emt 00:00:34]} 6. f3 {[%clk 00:52:58]} {[%emt
00:01:01]} d5 {[%clk 00:53:46]} {[%emt 00:00:26]} 7. a3 {[%clk 00:49:55]}
{[%emt 00:03:08]} Bxc3+ {[%clk 00:53:41]} {[%emt 00:00:11]} 8. bxc3 {[%clk
00:49:46]} {[%emt 00:00:13]} dxe4 {[%clk 00:53:43]} {[%emt 00:00:03]} 9. fxe4
{[%clk 00:48:18]} {[%emt 00:01:33]} Nxe4 {[%clk 00:53:33]} {[%emt 00:00:15]}
10. Qf3 {[%emt 00:01:32]} Qe7 {[%clk 00:52:19]} {[%emt 00:01:11]} 11. Bd3
{[%clk 00:41:53]} {[%emt 00:05:10]} Ng5+ {[%clk 00:52:01]} {[%emt 00:00:21]}
12. Qe3 {[%clk 00:41:22]} {[%emt 00:00:38]} Qxe3+ {[%clk 00:51:23]} {[%emt
00:00:44]} 13. Bxe3 {[%clk 00:41:09]} {[%emt 00:00:18]} Nxd4 {[%clk 00:50:59]}
{[%emt 00:00:29]} 14. cxd4 {[%clk 00:40:24]} {[%emt 00:00:49]} Ne6 {[%clk
00:50:42]} {[%emt 00:00:21]} 15. d5 {[%clk 00:38:46]} {[%emt 00:01:45]} Nf8
{[%clk 00:49:57]} {[%emt 00:00:49]} 16. Bb5+ {[%clk 00:37:24]} {[%emt
00:01:27]} Nd7 {[%clk 00:49:31]} {[%emt 00:00:31]} 17. Bc5 {[%clk 00:36:19]}
{[%emt 00:01:09]} b6 {[%clk 00:49:20]} {[%emt 00:00:16]} 18. Bc6 {[%clk
00:34:41]} {[%emt 00:01:45]} Rb8 {[%clk 00:49:04]} {[%emt 00:00:20]} 19. Bb4
{[%clk 00:33:55]} {[%emt 00:00:51]} a5 {[%clk 00:48:57]} {[%emt 00:00:12]} 20.
Bxd7+ {[%clk 00:31:37]} {[%emt 00:02:23]} Bxd7 {[%clk 00:48:54]} {[%emt
00:00:09]} 21. Bc3 {[%clk 00:30:58]} {[%emt 00:00:43]} O-O {[%clk 00:48:49]}
{[%emt 00:00:11]} 22. O-O-O {[%clk 00:30:12]} {[%emt 00:00:51]} c6 {[%clk
00:48:22]} {[%emt 00:00:31]} 23. Rhe1 {[%clk 00:29:08]} {[%emt 00:01:08]} Rbe8
{[%clk 00:47:54]} {[%emt 00:00:34]} 24. Rxe8 {[%clk 00:28:32]} {[%emt
00:00:41]} Rxe8 {[%clk 00:47:53]} {[%emt 00:00:06]} 25. dxc6 {[%clk 00:27:23]}
{[%emt 00:01:15]} Bxc6 {[%clk 00:47:51]} {[%emt 00:00:07]} 26. Rd3 {[%clk
00:26:33]} {[%emt 00:00:55]} g6 {[%clk 00:46:48]} {[%emt 00:01:08]} 27. Rg3
{[%clk 00:24:31]} {[%emt 00:02:04]} Re2 {[%clk 00:45:44]} {[%emt 00:01:09]} 28.
Kd1 {[%clk 00:22:59]} {[%emt 00:01:39]} Rf2 {[%clk 00:45:09]} {[%emt 00:00:39]}
29. Ke1 {[%clk 00:20:57]} {[%emt 00:02:10]} Rxc2 {[%clk 00:44:32]} {[%emt
00:00:41]} 30. Bf6 {[%clk 00:19:44]} {[%emt 00:01:17]} Bxg2 {[%clk 00:43:54]}
{[%emt 00:00:44]} 31. Rd3 {[%clk 00:18:35]} {[%emt 00:01:12]} Rc8 {[%clk
00:43:01]} {[%emt 00:00:54]} 32. Rd6 {[%clk 00:16:58]} {[%emt 00:01:46]} b5
{[%clk 00:41:58]} {[%emt 00:01:06]} 33. Ra6 {[%clk 00:15:55]} {[%emt 00:01:12]}
Ra8 {[%clk 00:41:13]} {[%emt 00:00:48]} 34. Rb6 {[%clk 00:14:50]} {[%emt
00:01:04]} h5 {[%clk 00:40:25]} {[%emt 00:01:01]} 35. Kf2 {[%clk 00:12:58]}
{[%emt 00:01:57]} Bh3 {[%clk 00:39:14]} {[%emt 00:00:52]} 36. Rxb5 {[%emt
00:01:24]} Kh7 {[%clk 00:38:59]} {[%emt 00:00:06]} 37. Bc3 {[%clk 00:11:25]}
{[%emt 00:00:54]} a4 {[%clk 00:38:50]} {[%emt 00:00:16]} 38. Rb7 {[%clk
00:10:29]} {[%emt 00:01:01]} Be6 {[%clk 00:38:22]} {[%emt 00:00:33]} 39. Be5
{[%clk 00:09:48]} {[%emt 00:00:47]} Kh6 {[%clk 00:37:59]} {[%emt 00:00:28]} 40.
Kg3 {[%clk 00:08:19]} {[%emt 00:01:34]} g5 {[%clk 00:37:41]} {[%emt 00:00:23]}
41. h4 {[%clk 00:07:36]} {[%emt 00:00:48]} Rd8 {[%clk 00:36:43]} {[%emt
00:00:56]} 42. hxg5+ {[%clk 00:06:24]} {[%emt 00:01:24]} Kxg5 {[%clk 00:36:41]}
{[%emt 00:00:08]} 43. Bf4+ {[%clk 00:06:15]} {[%emt 00:00:13]} Kf5 {[%clk
00:36:16]} {[%emt 00:00:27]} 44. Bc7 {[%clk 00:05:29]} {[%emt 00:00:54]} Rd3+
{[%clk 00:36:01]} {[%emt 00:00:20]} 45. Kh4 {[%clk 00:05:24]} {[%emt 00:00:10]}
Kg6 {[%clk 00:35:45]} {[%emt 00:00:21]} 46. Bg3 {[%clk 00:04:51]} {[%emt
00:00:38]} Rxa3 {[%clk 00:35:39]} {[%emt 00:00:11]} 47. Be5 {[%clk 00:03:56]}
{[%emt 00:00:57]} Rh3# {[%emt 00:00:12]} 0-1

[Event "Deutscher Mix-Teampokal U12 2025"]
[Site "Bad Homburg GER"]
[Date "2025.07.20"]
[Round "5"]
[White "Sengupta, Arjun"]
[Black "Manukyan, Erik"]
[Result "1-0"]
[Termination "normal"]
[Board "5.4"]
[WhiteElo "1017"]
[BlackElo "754"]
[WhiteClock "00:41:30"]
[BlackClock "00:34:41"]
[WhiteTeam "SchVgg Blankenese 1923"]
[BlackTeam "SC Pirmasens 1912"]
[PlyCount "77"]
[WhiteFideId "34699937"]
[BlackFideId "533050767"]
[EventCountry "GER"]
[EventRounds "5"]
[EventType "team-swiss"]
[EventDate "2025.07.18"]

1. e4 {[%clk 00:55:09]} e5 {[%clk 00:55:08]} {[%emt 00:00:02]} 2. Nf3 {[%clk
00:55:09]} {[%emt 00:00:05]} Nc6 {[%clk 00:55:00]} {[%emt 00:00:13]} 3. Bc4
{[%clk 00:55:08]} {[%emt 00:00:06]} Nf6 {[%clk 00:54:57]} {[%emt 00:00:09]} 4.
d3 {[%clk 00:55:07]} {[%emt 00:00:06]} d6 {[%clk 00:54:27]} {[%emt 00:00:34]}
5. Ng5 {[%clk 00:55:02]} {[%emt 00:00:10]} Be6 {[%clk 00:53:36]} {[%emt
00:00:56]} 6. Bxe6 {[%clk 00:54:28]} {[%emt 00:00:40]} fxe6 {[%clk 00:53:31]}
{[%emt 00:00:09]} 7. Nxe6 {[%clk 00:54:24]} {[%emt 00:00:09]} Qe7 {[%clk
00:53:27]} {[%emt 00:00:09]} 8. Nxf8 {[%clk 00:54:12]} {[%emt 00:00:18]} Qxf8
{[%clk 00:53:21]} {[%emt 00:00:10]} 9. Nc3 {[%clk 00:54:10]} {[%emt 00:00:07]}
O-O-O {[%clk 00:53:14]} {[%emt 00:00:12]} 10. Bg5 {[%clk 00:54:05]} {[%emt
00:00:10]} Qf7 {[%clk 00:52:07]} {[%emt 00:01:12]} 11. Nd5 {[%clk 00:53:58]}
{[%emt 00:00:12]} Ng4 {[%clk 00:50:52]} {[%emt 00:01:20]} 12. Qxg4+ {[%clk
00:53:32]} {[%emt 00:00:30]} Rd7 {[%clk 00:50:08]} {[%emt 00:00:50]} 13. O-O-O
{[%clk 00:52:58]} {[%emt 00:00:38]} Rf8 {[%clk 00:50:04]} {[%emt 00:00:11]} 14.
f3 {[%clk 00:52:34]} {[%emt 00:00:29]} Kb8 {[%clk 00:49:32]} {[%emt 00:00:36]}
15. h4 {[%clk 00:51:32]} {[%emt 00:01:07]} Nd4 {[%clk 00:49:30]} {[%emt
00:00:07]} 16. Kb1 {[%clk 00:51:08]} {[%emt 00:00:28]} c6 {[%clk 00:49:23]}
{[%emt 00:00:13]} 17. c3 {[%clk 00:50:50]} {[%emt 00:00:23]} Ne2 {[%clk
00:49:07]} {[%emt 00:00:20]} 18. Rde1 {[%clk 00:50:29]} {[%emt 00:00:27]} cxd5
{[%clk 00:48:44]} {[%emt 00:00:28]} 19. Rxe2 {[%clk 00:50:21]} {[%emt
00:00:13]} dxe4 {[%clk 00:48:34]} {[%emt 00:00:16]} 20. Rxe4 {[%clk 00:50:05]}
{[%emt 00:00:20]} Rc7 {[%clk 00:48:31]} {[%emt 00:00:08]} 21. d4 {[%clk
00:49:34]} {[%emt 00:00:36]} Rc6 {[%clk 00:47:01]} {[%emt 00:01:36]} 22. dxe5
{[%clk 00:49:08]} {[%emt 00:00:31]} Ra6 {[%clk 00:46:43]} {[%emt 00:00:23]} 23.
e6 {[%clk 00:48:38]} {[%emt 00:00:35]} Qc7 {[%clk 00:46:06]} {[%emt 00:00:38]}
24. e7 {[%clk 00:48:16]} {[%emt 00:00:30]} Re8 {[%clk 00:45:47]} {[%emt
00:00:22]} 25. Qh5 {[%clk 00:47:39]} {[%emt 00:00:42]} Qd7 {[%clk 00:45:28]}
{[%emt 00:00:25]} 26. Qxh7 {[%clk 00:47:19]} {[%emt 00:00:24]} Qb5 {[%clk
00:43:59]} {[%emt 00:01:34]} 27. Qxg7 {[%clk 00:46:35]} {[%emt 00:00:51]} Qd3+
{[%clk 00:43:08]} {[%emt 00:00:55]} 28. Ka1 {[%clk 00:45:36]} {[%emt 00:01:03]}
Rc6 {[%clk 00:42:05]} {[%emt 00:01:10]} 29. Qf8 {[%clk 00:45:05]} {[%emt
00:00:36]} Rcc8 {[%clk 00:41:51]} {[%emt 00:00:19]} 30. Qf7 {[%clk 00:44:22]}
{[%emt 00:00:42]} Qb5 {[%clk 00:41:32]} {[%emt 00:00:31]} 31. Bf4 {[%clk
00:44:04]} {[%emt 00:00:19]} Qd7 {[%clk 00:41:25]} {[%emt 00:00:15]} 32. Rd1
{[%clk 00:43:46]} {[%emt 00:00:22]} Ka8 {[%clk 00:38:18]} {[%emt 00:03:12]} 33.
Rxd6 {[%clk 00:43:14]} {[%emt 00:00:38]} Qb5 {[%clk 00:37:48]} {[%emt
00:00:36]} 34. Red4 {[%clk 00:42:42]} {[%emt 00:00:36]} Rc5 {[%clk 00:36:33]}
{[%emt 00:01:20]} 35. Rd8+ {[%clk 00:42:16]} {[%emt 00:00:32]} Rc8 {[%clk
00:36:00]} {[%emt 00:00:38]} 36. Rxc8+ {[%clk 00:41:55]} {[%emt 00:00:25]} Rxc8
{[%clk 00:35:42]} {[%emt 00:00:22]} 37. a3 {[%clk 00:41:39]} {[%emt 00:00:22]}
Qf1+ {[%clk 00:34:58]} {[%emt 00:00:47]} 38. Ka2 {[%clk 00:41:30]} {[%emt
00:00:16]} Qb5 {[%clk 00:34:41]} {[%emt 00:00:21]} 39. Rd8 {[%emt 00:03:15]}
1-0